[Event "26. Schweinfurt Open"]
[Site "Schweinfurt"]
[Date "2016.05.26"]
[Round "1.29"]
[White "Brodt, Andreas"]
[Black "Klonov, Sofia"]
[Result "1-0"]
[WhiteElo "1853"]
[BlackElo "866"]
[PlyCount "77"]
[EventDate "2016.??.??"]
[WhiteTeam "SK Schweinfurt"]
[BlackTeam "SK München Südost"]

1. e4 c5 2. Nf3 Nc6 3. d4 cxd4 4. Nxd4 g6 5. Nxc6 bxc6 6. Nc3 Nf6 7. Bc4 e5 8.
Bg5 Bb4 9. Qd3 d5 10. O-O-O Be6 11. exd5 cxd5 12. Rhe1 dxc4 13. Qxd8+ Rxd8 14.
Rxd8+ Kxd8 15. Bxf6+ Ke8 16. Bxh8 Kf8 17. Bxe5 Bxc3 18. Bxc3 a5 19. Bf6 Bd7 20.
Re7 Ba4 21. Rb7 Ke8 22. Re7+ Kd8 23. Rxf7+ Ke8 24. Re7+ Kf8 25. Ra7 Bc6 26.
Rxa5 Bxg2 27. f4 Bd5 28. Rxd5 g5 29. Bxg5 Kf7 30. Kd2 Ke6 31. Re5+ Kf7 32. Re7+
Kf8 33. Rc7 Ke8 34. Ke3 Kf8 35. a4 Ke8 36. a5 Kf8 37. a6 Ke8 38. a7 Kf8 39.
a8=R# 1-0

[Event "26. Schweinfurt Open"]
[Site "Schweinfurt"]
[Date "2016.05.26"]
[Round "2.1"]
[White "Becker, Matthias"]
[Black "Kilian, Markus"]
[Result "1/2-1/2"]
[WhiteElo "2266"]
[BlackElo "1954"]
[PlyCount "81"]
[EventDate "2016.??.??"]
[WhiteTeam "BG Buchen"]
[BlackTeam "SV Würzburg"]

1. e4 g6 2. d4 Bg7 3. Nf3 d6 4. Bc4 Nf6 5. Qe2 O-O 6. O-O Bg4 7. c3 Nc6 8. h3
Bxf3 9. Qxf3 e5 10. Be3 Nd7 11. Rd1 Kh8 12. Qg3 Qe8 13. dxe5 Qxe5 14. Qxe5
Ncxe5 15. Bb3 Nf6 16. f3 h6 17. Na3 a6 18. Nc4 Rae8 19. Nxe5 Rxe5 20. a4 a5 21.
Bc4 Re7 22. Rab1 Nd7 23. Bf2 g5 24. b4 b6 25. bxa5 bxa5 26. Bd4 f5 27. exf5
Rxf5 28. Rb7 Bxd4+ 29. cxd4 Nb6 30. Bb5 Nd5 31. Rc1 Rf4 32. Rc4 Nb6 33. Rcxc7
Rxc7 34. Rxc7 Rxd4 35. Ra7 Nxa4 36. Rxa5 Nc3 37. Bc6 Rd2 38. Ra7 Ne2+ 39. Kf1
Ng3+ 40. Kg1 Ne2+ 41. Kf1 1/2-1/2

[Event "26. Schweinfurt Open"]
[Site "Schweinfurt"]
[Date "2016.05.26"]
[Round "2.2"]
[White "Helm, Timo"]
[Black "Seidens, Udo"]
[Result "0-1"]
[WhiteElo "1969"]
[BlackElo "2245"]
[PlyCount "80"]
[EventDate "2016.??.??"]
[WhiteTeam "SC Bad Knigshofen"]
[BlackTeam "SK Schweinfurt"]

1. e4 g6 2. d4 Bg7 3. c3 d6 4. f4 Nf6 5. Bd3 O-O 6. Nf3 c5 7. O-O cxd4 8. cxd4
Nc6 9. Nc3 Bg4 10. Be3 e5 11. Be2 Bh6 12. Qd2 Bxf3 13. Bxf3 exd4 14. Bxd4 Nxd4
15. Qxd4 Bxf4 16. Rad1 Be5 17. Qb4 Nd7 18. Nd5 Nc5 19. Ne3 a5 20. Qb5 Ra6 21.
Nc4 Qe8 22. Qxe8 Rxe8 23. Be2 Raa8 24. Nxd6 Bxd6 25. Rxd6 Rxe4 26. Bf3 Re6 27.
Rxe6 Nxe6 28. Rd1 Rd8 29. Rxd8+ Nxd8 30. Kf2 Kf8 31. Ke3 Ke7 32. Kd4 Kd6 33.
Kc4 Nc6 34. Be2 b5+ 35. Kc3 Kc5 36. a3 f5 37. b4+ axb4+ 38. axb4+ Nxb4 39. Bxb5
Nd5+ 40. Kd3 Nf4+ 0-1

[Event "26. Schweinfurt Open"]
[Site "Schweinfurt"]
[Date "2016.05.26"]
[Round "2.3"]
[White "Großhans, Ralf-Michael"]
[Black "Langguth, Rolf"]
[Result "1-0"]
[WhiteElo "2192"]
[BlackElo "1921"]
[PlyCount "95"]
[EventDate "2016.??.??"]
[WhiteTeam "SK Weidhausen"]
[BlackTeam "SK Schweinfurt"]

1. e4 c5 2. Nc3 Nc6 3. f4 d6 4. Bc4 e6 5. Nf3 a6 6. a3 b5 7. Ba2 Nd4 8. O-O
Nxf3+ 9. Qxf3 Bb7 10. f5 e5 11. d3 Nf6 12. Bg5 Be7 13. Bxf6 Bxf6 14. Bd5 Ra7
15. Bxb7 Rxb7 16. Nd5 O-O 17. b4 Bg5 18. c3 f6 19. Qf2 Qc8 20. h4 Bh6 21. g4
Kh8 22. Qg3 Bf4 23. Qg2 c4 24. Qe2 cxd3 25. Qxd3 Qc6 26. Rad1 Rd7 27. Rf3 Rb8
28. Kg2 Rc8 29. Kh3 Rb8 30. Rg1 Rf7 31. Rd1 Rd7 32. Kg2 Rc8 33. Kf2 Ra8 34.
Nxf4 exf4 35. Qd5 Qb6+ 36. Qd4 Qc7 37. g5 fxg5 38. hxg5 Rad8 39. Rh1 d5 40. e5
Qc4 41. Rxf4 Qxd4+ 42. cxd4 Rc7 43. Re1 Kg8 44. Re3 Rc2+ 45. Kg3 Rdc8 46. e6
Kf8 47. f6 g6 48. Re5 1-0

[Event "26. Schweinfurt Open"]
[Site "Schweinfurt"]
[Date "2016.05.26"]
[Round "2.4"]
[White "Krenz, Dieter"]
[Black "Ziegler, Michael"]
[Result "0-1"]
[WhiteElo "1934"]
[BlackElo "2178"]
[PlyCount "106"]
[EventDate "2016.??.??"]
[WhiteTeam "SC Prichsenstadt"]
[BlackTeam "SC Prichsenstadt"]

1. e4 c5 2. Nf3 e6 3. Nc3 a6 4. Be2 Nc6 5. O-O Nf6 6. a4 d5 7. exd5 Nxd5 8.
Nxd5 Qxd5 9. b3 Be7 10. Bb2 O-O 11. a5 Rd8 12. d3 Rb8 13. Nd2 Nd4 14. Nc4 Bf6
15. Nb6 Qd6 16. Ra2 Bd7 17. Re1 Bc6 18. Qd2 Re8 19. Bd1 Rbd8 20. Ba3 Nf5 21.
Nc4 Qe7 22. Ne3 Nd4 23. Ng4 Nb5 24. Nxf6+ Qxf6 25. Bb2 Qg6 26. f4 Nd4 27. Qf2
Rc8 28. Ra1 Red8 29. Ba3 Nb5 30. Bf3 Nxa3 31. Rxa3 Qf6 32. Bxc6 Rxc6 33. Ra4 g6
34. Rc4 Rd4 35. Re5 Rxc4 36. dxc4 Qd8 37. Qe1 Qd4+ 38. Qe3 Qd1+ 39. Qe1 Qxc2
40. Re3 Rd6 41. Re2 Qxb3 42. Rd2 Qc3 43. Rd1 Rxd1 44. Qxd1 Qd4+ 45. Qxd4 cxd4
46. Kf2 f6 47. Kf3 Kf7 48. Ke4 e5 49. fxe5 fxe5 50. Kxe5 d3 51. Kd6 d2 52. Kc7
d1=Q 53. Kxb7 Qb3+ 0-1

[Event "26. Schweinfurt Open"]
[Site "Schweinfurt"]
[Date "2016.05.26"]
[Round "2.5"]
[White "Amtmann, Florian"]
[Black "Maar, Samuel"]
[Result "1/2-1/2"]
[WhiteElo "2170"]
[BlackElo "1910"]
[PlyCount "81"]
[EventDate "2016.??.??"]
[WhiteTeam "Spvgg Stetten"]
[BlackTeam "SC Kaufungen"]

1. e4 e5 2. Nf3 d6 3. d4 exd4 4. Nxd4 Nf6 5. Nc3 Be7 6. g3 d5 7. exd5 Nxd5 8.
Bg2 Nxc3 9. bxc3 c5 10. Nb3 Qxd1+ 11. Kxd1 Bg4+ 12. f3 Be6 13. f4 Nc6 14. Be3
O-O-O+ 15. Kc1 c4 16. Nd4 Ba3+ 17. Kd2 Rhe8 18. Rab1 Re7 19. Rhe1 Nxd4 20. cxd4
c3+ 21. Kxc3 Rc7+ 22. Kd3 Bxa2 23. Rxb7 Bc4+ 24. Kc3 Rdd7 25. Rxc7+ Rxc7 26.
Kd2 a5 27. Ra1 Bb4+ 28. c3 Bxc3+ 29. Kxc3 Bd5+ 30. Kd3 Bxg2 31. Rxa5 Rb7 32. d5
Kd7 33. Kd4 Rb4+ 34. Kc5 Rb3 35. Ra7+ Ke8 36. Bd4 g6 37. Bf6 Rd3 38. d6 Rd5+
39. Kb4 Rxd6 40. Bg5 Rb6+ 41. Kc3 1/2-1/2

[Event "26. Schweinfurt Open"]
[Site "Schweinfurt"]
[Date "2016.05.26"]
[Round "2.6"]
[White "Tsiapouris, Michael"]
[Black "Pototzky, Daniel"]
[Result "0-1"]
[WhiteElo "1911"]
[BlackElo "2137"]
[PlyCount "78"]
[EventDate "2016.??.??"]
[WhiteTeam "SC Tarrasch München"]
[BlackTeam "SC Prichsenstadt"]

1. Nf3 c5 2. c4 Nc6 3. g3 g6 4. Bg2 Bg7 5. O-O e6 6. Nc3 Nge7 7. d3 O-O 8. Bg5
h6 9. Bd2 d5 10. a3 dxc4 11. dxc4 e5 12. Qc1 Kh7 13. Rb1 Be6 14. b3 f5 15. Ne1
e4 16. Nc2 Qd7 17. Ne3 Nd4 18. f3 exf3 19. exf3 b5 20. Re1 Rab8 21. Nxb5 Rxb5
22. cxb5 Nxb3 23. Rxb3 Bxb3 24. Bf1 Qd4 25. Kg2 Rd8 26. Ba5 Rc8 27. Bc4 Bxc4
28. Nxc4 Nd5 29. Ne3 Nxe3+ 30. Rxe3 Qd7 31. a4 Bd4 32. Re2 Re8 33. Rxe8 Qxe8
34. Qc4 Kg7 35. Bd2 g5 36. Kf1 Qe5 37. a5 g4 38. f4 Qe4 39. Qe2 Qh1# 0-1

[Event "26. Schweinfurt Open"]
[Site "Schweinfurt"]
[Date "2016.05.26"]
[Round "2.7"]
[White "Kuhn, Norbert"]
[Black "Hohner, Karl-Heinz"]
[Result "1-0"]
[WhiteElo "2119"]
[BlackElo "1883"]
[PlyCount "41"]
[EventDate "2016.??.??"]
[WhiteTeam "SV Würzburg"]
[BlackTeam "(vls) Kronach"]

1. e4 e5 2. d4 exd4 3. Nf3 d5 4. exd5 Bb4+ 5. c3 Bd6 6. Qxd4 Nf6 7. Bg5 Nbd7 8.
Be2 O-O 9. O-O h6 10. Bh4 Re8 11. Re1 Bc5 12. Qd2 Nf8 13. c4 Ng6 14. Nc3 Nxh4
15. Nxh4 Bd7 16. h3 Ng4 17. Bxg4 Rxe1+ 18. Rxe1 Bxg4 19. hxg4 Qxh4 20. Ne4 Bf8
21. Qe2 1-0

[Event "26. Schweinfurt Open"]
[Site "Schweinfurt"]
[Date "2016.05.26"]
[Round "2.8"]
[White "Schmidt, Markus"]
[Black "Ciolek, Andreas"]
[Result "0-1"]
[WhiteElo "1901"]
[BlackElo "2102"]
[PlyCount "50"]
[EventDate "2016.??.??"]
[WhiteTeam "Stuttgarter SF"]
[BlackTeam "SK Singen"]

1. e4 c5 2. b3 g6 3. Bb2 Nf6 4. Qf3 d6 5. Bb5+ Nbd7 6. Nc3 Bg7 7. Nd5 O-O 8.
Bxd7 Bxd7 9. Nxf6+ exf6 10. Ne2 Bc6 11. O-O-O d5 12. exd5 Bxd5 13. Qg3 c4 14.
Nf4 cxb3 15. axb3 a5 16. Nxd5 Qxd5 17. Qf3 Qd6 18. Qe4 b5 19. Qd4 Qa6 20. d3
Rfd8 21. Qh4 a4 22. bxa4 bxa4 23. Ba3 Rac8 24. Kd2 Qc6 25. Rc1 Qc3+ 0-1

[Event "26. Schweinfurt Open"]
[Site "Schweinfurt"]
[Date "2016.05.26"]
[Round "2.9"]
[White "Poulsen, Klaus E"]
[Black "Neudecker, Georg"]
[Result "1-0"]
[WhiteElo "2068"]
[BlackElo "1876"]
[PlyCount "129"]
[EventDate "2016.??.??"]
[WhiteTeam "Skakforeningen Odysseus"]
[BlackTeam "SV Walsdorf"]

1. e4 c6 2. d4 d5 3. f3 e6 4. Nc3 Bb4 5. Nge2 Ne7 6. a3 Ba5 7. Be3 Nd7 8. Ng3
O-O 9. Bd3 e5 10. Qd2 exd4 11. Bxd4 c5 12. Bxg7 Kxg7 13. Nh5+ Kh8 14. Qh6 Rg8
15. exd5 Bxc3+ 16. bxc3 Ng6 17. f4 Qf8 18. Qxf8 Rxf8 19. Kd2 Nb6 20. c4 Bd7 21.
Rhe1 f5 22. Re3 Rae8 23. Rb1 Rxe3 24. Kxe3 Bc8 25. Kf3 Kg8 26. g3 Kf7 27. Rb5
Ne7 28. Rxc5 Kg6 29. g4 Kh6 30. h3 fxg4+ 31. hxg4 Nd7 32. d6 Nxc5 33. dxe7 Re8
34. Nf6 Bd7 35. Nxe8 Bxe8 36. Bf5 Kg7 37. g5 h6 38. gxh6+ Kxh6 39. Ke3 Kg7 40.
Kd4 b6 41. Ke5 Kf7 42. Kd6 Kf6 43. Bg4 a5 44. Kc7 Na4 45. Kd8 Bf7 46. e8=Q Bxe8
47. Kxe8 Nb2 48. Be2 Kf5 49. Kd7 Kxf4 50. Kc6 Na4 51. Bd3 Ke3 52. Kb5 Nc3+ 53.
Kxb6 a4 54. c5 Kd4 55. c6 Nd5+ 56. Kb7 Kc3 57. c7 Ne7 58. c8=Q+ Nxc8 59. Kxc8
Kb2 60. c4 Kxa3 61. c5 Kb4 62. c6 a3 63. Bb1 Kc3 64. Ba2 Kb2 65. Be6 1-0

[Event "26. Schweinfurt Open"]
[Site "Schweinfurt"]
[Date "2016.05.26"]
[Round "2.10"]
[White "Froitzheim, Ralf"]
[Black "Engesser, Jonas"]
[Result "1-0"]
[WhiteElo "1873"]
[BlackElo "2060"]
[PlyCount "35"]
[EventDate "2016.??.??"]
[WhiteTeam "SG Niederkassel"]
[BlackTeam "SK Engen"]

1. c4 Nf6 2. g3 g6 3. Bg2 Bg7 4. Nc3 c5 5. Nf3 O-O 6. O-O d6 7. d4 cxd4 8. Nxd4
a6 9. b3 Qc7 10. Bb2 Nc6 11. Qd3 Nxd4 12. Qxd4 Nd7 13. Qxg7+ Kxg7 14. Nd5+ e5
15. Nxc7 Rb8 16. Rad1 b5 17. cxb5 axb5 18. Rxd6 1-0

[Event "26. Schweinfurt Open"]
[Site "Schweinfurt"]
[Date "2016.05.26"]
[Round "2.11"]
[White "Boß, Rolf"]
[Black "Petersen, Steffen"]
[Result "1-0"]
[WhiteElo "2015"]
[BlackElo "1867"]
[PlyCount "43"]
[EventDate "2016.??.??"]
[WhiteTeam "(vls) Hof"]
[BlackTeam "Skakforeningen Odysseus"]

1. f4 c5 2. Nf3 Nc6 3. g3 d5 4. d3 Nf6 5. Bg2 e6 6. O-O Bd6 7. e4 dxe4 8. dxe4
Nxe4 9. Ne5 Nf6 10. Nxc6 Qc7 11. Ne5 Bxe5 12. fxe5 Qxe5 13. Nc3 c4 14. Bf4 Qc5+
15. Kh1 Qb4 16. Qd6 Qxb2 17. Rad1 Bd7 18. Ne4 Nd5 19. Rxd5 exd5 20. Bg5 f6 21.
Nxf6+ gxf6 22. Bxf6 1-0

[Event "26. Schweinfurt Open"]
[Site "Schweinfurt"]
[Date "2016.05.26"]
[Round "2.12"]
[White "Eichenauer, Pascal"]
[Black "Diller, Peter"]
[Result "0-1"]
[WhiteElo "1857"]
[BlackElo "1990"]
[PlyCount "78"]
[EventDate "2016.??.??"]
[WhiteTeam "SV Würzburg"]
[BlackTeam "SK Rothenburg"]

1. e4 e6 2. d4 d5 3. exd5 exd5 4. c4 Nf6 5. Nf3 Be6 6. cxd5 Nxd5 7. Nc3 Nd7 8.
Ng5 Bb4 9. Qc2 Qe7 10. Nxe6 Qxe6+ 11. Be2 O-O 12. O-O N7b6 13. Bd3 h6 14. a3
Bd6 15. Nb5 Bf4 16. Bxf4 Nxf4 17. Nxc7 Qg4 18. f3 Qd7 19. Nxa8 Rxa8 20. Be4
Qxd4+ 21. Qf2 Qd7 22. Rfd1 Qe7 23. Rac1 Re8 24. Qd2 Qg5 25. Bxb7 Ne2+ 26. Kf1
Qxd2 27. Rxd2 Nxc1 28. Be4 Nb3 29. Rc2 Rc8 30. Rxc8+ Nxc8 31. Bd5 Nc5 32. b4
Nd7 33. b5 Ncb6 34. Ba2 Kf8 35. Ke2 Ke7 36. Kd3 Nc5+ 37. Kc3 f6 38. Kb4 Kd6 39.
a4 Nbxa4 0-1

[Event "26. Schweinfurt Open"]
[Site "Schweinfurt"]
[Date "2016.05.26"]
[Round "2.13"]
[White "Neubauer, Jaro"]
[Black "Brodt, Andreas"]
[Result "1-0"]
[WhiteElo "1986"]
[BlackElo "1853"]
[PlyCount "71"]
[EventDate "2016.??.??"]
[WhiteTeam "SK Schweinfurt"]
[BlackTeam "SK Schweinfurt"]

1. e4 c5 2. Nc3 d6 3. f4 g6 4. Nf3 Bg7 5. Bc4 e6 6. d3 Ne7 7. O-O a6 8. a4 O-O
9. Qe1 b6 10. Qh4 h6 11. f5 gxf5 12. Bxh6 Ng6 13. Qxd8 Rxd8 14. Bxg7 Kxg7 15.
exf5 exf5 16. Nd5 Nd7 17. Ng5 Nde5 18. Nxb6 Rb8 19. Nxc8 Nxc4 20. dxc4 Rdxc8
21. b3 f4 22. Rad1 Rb6 23. Nh3 Re8 24. Nxf4 Nxf4 25. Rxf4 Re6 26. Kf2 Rb7 27.
Re1 Rbe7 28. Rxe6 Rxe6 29. Rf5 Kg6 30. g4 f6 31. Rd5 Kf7 32. Rd2 Kg6 33. Re2
Re5 34. Rxe5 fxe5 35. h4 a5 36. Ke3 1-0

[Event "26. Schweinfurt Open"]
[Site "Schweinfurt"]
[Date "2016.05.26"]
[Round "2.14"]
[White "Drewes, Thomas"]
[Black "Gould, Charles"]
[Result "1/2-1/2"]
[WhiteElo "1844"]
[BlackElo "1974"]
[PlyCount "104"]
[EventDate "2016.??.??"]
[WhiteTeam "SV Würzburg"]
[BlackTeam "SV Würzburg"]

1. d4 d6 2. Nf3 g6 3. c4 Bg7 4. Nc3 Nf6 5. e3 O-O 6. Bd3 c5 7. d5 a6 8. O-O b5
9. cxb5 axb5 10. Bxb5 Qb6 11. a4 Ba6 12. Bd2 Nbd7 13. e4 Bxb5 14. axb5 Rfb8 15.
Qe2 Ne8 16. Ra3 Nc7 17. Rfa1 Rxa3 18. Rxa3 Bxc3 19. Rxc3 Ra8 20. h4 Nf6 21. g3
Ra4 22. Re3 Nxb5 23. Rb3 c4 24. Rb4 Rxb4 25. Bxb4 Nd4 26. Nxd4 Qxd4 27. e5 Qxe5
28. Qxe5 dxe5 29. d6 e6 30. Kf1 Nd7 31. Ke2 f5 32. Kd2 Kf7 33. Kc3 Ke8 34. Kxc4
Nb8 35. Bc3 e4 36. b4 Kd7 37. Be5 Nc6 38. Bf4 e5 39. Be3 Kxd6 40. Bc5+ Ke6 41.
Be3 Nd8 42. Kc5 Kd7 43. Kd5 Nf7 44. Bc1 h6 45. Bb2 f4 46. gxf4 exf4 47. Kxe4 g5
48. hxg5 Nxg5+ 49. Kxf4 Kc6 50. Bc1 Kb5 51. Bd2 Kc4 52. f3 Kd3 1/2-1/2

[Event "26. Schweinfurt Open"]
[Site "Schweinfurt"]
[Date "2016.05.26"]
[Round "2.15"]
[White "Wiener, Horst"]
[Black "Scheifele, Paul"]
[Result "1-0"]
[WhiteElo "1927"]
[BlackElo "1286"]
[PlyCount "63"]
[EventDate "2016.??.??"]
[WhiteTeam "SK Schweinfurt"]
[BlackTeam "Aschaffenburg-Schweinheim"]

1. e4 e5 2. f4 f6 3. fxe5 fxe5 4. Qh5+ Ke7 5. Qxe5+ Kf7 6. Bc4+ Kg6 7. Qf5+ Kh6
8. d4+ g5 9. h4 Kg7 10. Bxg5 Qe8 11. Qe5+ Qxe5 12. dxe5 h6 13. Bd8 c6 14. Nf3
b5 15. Bb3 Bc5 16. Rh3 Kf8 17. Nc3 d6 18. e6 a5 19. a4 b4 20. Ne2 Ke8 21. Bc7
Nf6 22. e5 dxe5 23. Nxe5 Rh7 24. Nf7 Ke7 25. Nf4 Rg7 26. Bd8+ Ke8 27. Bxf6 Rg4
28. O-O-O Be7 29. Bxe7 Kxe7 30. Rf3 Rxh4 31. Ng6+ Ke8 32. Rd8# 1-0

[Event "26. Schweinfurt Open"]
[Site "Schweinfurt"]
[Date "2016.05.26"]
[Round "2.16"]
[White "Meyer, Thorlejf"]
[Black "Peuckert, Rüdiger"]
[Result "1-0"]
[WhiteElo "1839"]
[BlackElo "1818"]
[PlyCount "105"]
[EventDate "2016.??.??"]
[WhiteTeam "Skakforeningen Odysseus"]
[BlackTeam "SK Schweinfurt"]

1. e4 g6 2. Nf3 Bg7 3. Be2 e6 4. O-O b6 5. d4 Bb7 6. e5 Ne7 7. Bf4 h6 8. Bd3 g5
9. Bg3 Nf5 10. c3 g4 11. Nfd2 h5 12. Ne4 Qe7 13. Nbd2 d5 14. Nf6+ Bxf6 15. exf6
Qxf6 16. Be5 Qh6 17. Bxh8 Qxh8 18. Qe2 Ne7 19. a4 Nbc6 20. b4 a5 21. b5 Na7 22.
f3 Qg7 23. Rae1 O-O-O 24. fxg4 hxg4 25. Qf2 f5 26. Rxe6 Kb8 27. Qe3 Nac8 28.
Bxf5 Nxf5 29. Rxf5 Nd6 30. Rfe5 Rh8 31. Re7 Qg6 32. Nf1 Rf8 33. Qe2 Qb1 34. Qe1
Qd3 35. Rg5 Ne4 36. Rxg4 Rxf1+ 37. Qxf1 Qe3+ 38. Kh1 Nf2+ 39. Kg1 Nxg4+ 40.
Rxe3 Nxe3 41. Qf3 Nc4 42. h4 Nb2 43. h5 Nxa4 44. Qf8+ Bc8 45. Qa3 Nxc3 46. Qxc3
Bd7 47. h6 Bf5 48. g4 Be4 49. Kf2 a4 50. Ke3 Kc8 51. Kf4 Kd8 52. Ke5 Kd7 53.
Kf6 1-0

[Event "26. Schweinfurt Open"]
[Site "Schweinfurt"]
[Date "2016.05.26"]
[Round "2.17"]
[White "Heller, Thomas"]
[Black "FM Golda, Harald"]
[Result "0-1"]
[WhiteElo "1828"]
[BlackElo "2316"]
[PlyCount "148"]
[EventDate "2016.??.??"]
[WhiteTeam "SV Bergtheim"]
[BlackTeam "SK Schweinfurt"]

1. e4 c5 2. Nf3 d6 3. c3 Nf6 4. Be2 e6 5. O-O Be7 6. e5 dxe5 7. Nxe5 O-O 8. d3
Nbd7 9. Nxd7 Bxd7 10. Bf3 Qc7 11. Nd2 Rad8 12. Qe2 Bc6 13. Bxc6 Qxc6 14. Nf3 h6
15. Bf4 Bd6 16. Bxd6 Rxd6 17. d4 cxd4 18. Nxd4 Qa6 19. Qxa6 Rxa6 20. Rfe1 Rc8
21. g3 Rb6 22. Re2 a6 23. f4 g6 24. Kg2 h5 25. h3 Kg7 26. Kf3 Rd6 27. Rd1 Rd5
28. Red2 a5 29. g4 a4 30. a3 Rdc5 31. Nc2 hxg4+ 32. hxg4 Rh8 33. Rd4 Nd5 34.
R1d2 b5 35. Nb4 Nb6 36. Nd3 Rcc8 37. Nf2 Nc4 38. Re2 Rcd8 39. Rxd8 Rxd8 40. g5
Rd5 41. Ng4 Rd3+ 42. Kf2 Kf8 43. Ne5 Nxe5 44. Rxe5 Rd2+ 45. Re2 Rd5 46. Ke3 Ke7
47. Rh2 Rf5 48. Ke4 e5 49. fxe5 Ke6 50. Rg2 Rxe5+ 51. Kd3 Kd5 52. Rg4 Rf5 53.
Rg3 Rf2 54. c4+ bxc4+ 55. Kc3 Kc5 56. Re3 Rf5 57. Rg3 Re5 58. Rg4 Re3+ 59. Kc2
Rf3 60. Kd2 Kd5 61. Kc2 Rb3 62. Rf4 Rg3 63. Rxf7 Rxg5 64. Ra7 Kd4 65. Rxa4 Rg2+
66. Kb1 Kd3 67. Rb4 Rg1+ 68. Ka2 g5 69. a4 g4 70. a5 g3 71. Ra4 g2 72. Ra3+ Ke2
73. Rg3 Kf2 74. Rg4 Rh1 0-1

[Event "26. Schweinfurt Open"]
[Site "Schweinfurt"]
[Date "2016.05.26"]
[Round "2.18"]
[White "Weineck, Ekkehard"]
[Black "Müller, Gerhard"]
[Result "0-1"]
[WhiteElo "1606"]
[BlackElo "1835"]
[PlyCount "78"]
[EventDate "2016.??.??"]
[WhiteTeam "SV Würzburg"]
[BlackTeam "SC Bad Königshofen"]

1. d4 f5 2. Nf3 Nf6 3. c4 e6 4. Nc3 Bb4 5. Bd2 O-O 6. e3 b6 7. Be2 Bb7 8. O-O
a6 9. Rc1 Be7 10. a3 Qe8 11. Ne5 d6 12. Nd3 Nbd7 13. Nf4 Bd8 14. d5 e5 15. Ne6
Rf7 16. b4 Nf8 17. Ng5 Rd7 18. Bd3 e4 19. Bc2 b5 20. cxb5 axb5 21. Nxb5 Nxd5
22. Nh3 c6 23. Nd4 Rf7 24. a4 Ne6 25. Nxe6 Qxe6 26. Bb3 Qe5 27. Nf4 Kf8 28.
Nxd5 cxd5 29. Bc3 Qe6 30. Bd4 f4 31. Qh5 f3 32. g3 h6 33. a5 Bg5 34. h3 Ba6 35.
Rfe1 Bb5 36. Qg4 Rf5 37. h4 Bf6 38. Bxf6 Qxf6 39. Red1 Qf7 {
Zeitüberschreitung Weiß} 0-1

[Event "26. Schweinfurt Open"]
[Site "Schweinfurt"]
[Date "2016.05.26"]
[Round "2.19"]
[White "Hüttinger, Siegfried"]
[Black "Blank, Stefan"]
[Result "0-1"]
[WhiteElo "1513"]
[BlackElo "1821"]
[PlyCount "142"]
[EventDate "2016.??.??"]
[WhiteTeam "SC KS Alzenau"]
[BlackTeam "SC Sulzbach"]

1. d4 Nf6 2. c4 c5 3. e3 g6 4. Nf3 Bg7 5. Nc3 O-O 6. d5 a6 7. Bd2 b5 8. cxb5
axb5 9. Bxb5 d6 10. h3 Ba6 11. a4 Ne8 12. Rb1 Qb6 13. Qe2 Nc7 14. Bxa6 Nbxa6
15. e4 Qb3 16. O-O Rfb8 17. e5 Nxd5 18. Nxd5 Qxd5 19. Bc3 Nb4 20. Rbd1 Qc6 21.
b3 d5 22. Rc1 Qb6 23. Bxb4 Qxb4 24. Nd2 Bh6 25. Rc2 Bxd2 26. Qxd2 Qxd2 27. Rxd2
e6 28. Rd3 Rb4 29. Rc1 Ra5 30. g3 c4 31. bxc4 dxc4 32. Rd8+ Kg7 33. Rc8 Raxa4
34. g4 Ra5 35. Re1 Ra2 36. Re3 Rc2 37. Rc7 Rb3 38. Re4 Rf3 39. Rcxc4 Rcxf2 40.
h4 Rd2 41. g5 Rf5 42. Rc3 h6 43. Rg3 Rd5 44. gxh6+ Kxh6 45. Rge3 Kh5 46. Kg2
Rd1 47. Re2 Rff1 48. Kg3 Rg1+ 49. Rg2 Rd3+ 50. Kh2 Rf1 51. Rg5+ Kh6 52. Rg2 Rf5
53. Rge2 Kh5 54. Rg2 Rdf3 55. Rge2 R5f4 56. Kg2 Kg4 57. Rxf4+ Rxf4 58. Re1 Kxh4
59. Rh1+ Kg5 60. Re1 Kf5 61. Kg3 g5 62. Re2 g4 63. Re1 Rf3+ 64. Kg2 Kf4 65. Re2
g3 66. Kg1 Re3 67. Ra2 Rxe5 68. Kg2 f5 69. Ra4+ Re4 70. Ra3 e5 71. Rxg3 Re2+
0-1

[Event "26. Schweinfurt Open"]
[Site "Schweinfurt"]
[Date "2016.05.26"]
[Round "2.20"]
[White "Beyersdorf, Gunter"]
[Black "Wiemann, Daniel"]
[Result "1-0"]
[WhiteElo "1797"]
[BlackElo "1533"]
[PlyCount "125"]
[EventDate "2016.??.??"]
[WhiteTeam "SC Bad Königshofen"]
[BlackTeam "SV Seubelsdorf"]

1. d4 d5 2. c4 c6 3. Nc3 Nf6 4. Bf4 Bf5 5. e3 g6 6. Nf3 Bg7 7. Ne5 Nbd7 8. Qb3
Qb6 9. h3 Qxb3 10. axb3 O-O 11. g4 Be6 12. f3 Nxe5 13. Bxe5 Nd7 14. Bg3 Nb6 15.
c5 Nd7 16. b4 a6 17. Kd2 f6 18. Be2 Bf7 19. Ra3 e5 20. Raa1 Rae8 21. Rhf1 Be6
22. f4 exd4 23. exd4 f5 24. Kd3 Nf6 25. g5 Ne4 26. Nxe4 fxe4+ 27. Ke3 Bxh3 28.
Rf2 Bf5 29. Rg1 Rf7 30. Rh1 Ra8 31. Rfh2 Bh8 32. Rh4 a5 33. Ra1 a4 34. Bd1 b5
35. cxb6 Rb7 36. Rxa4 Rxa4 37. Bxa4 Rxb6 38. Be1 Bg7 39. Rh2 Bf8 40. Rc2 Bd7
41. b5 cxb5 42. Bb3 Be6 43. Rc7 Bd6 44. Ra7 Bf7 45. Ba5 Rb8 46. Rd7 Bf8 47.
Bxd5 Bxd5 48. Rxd5 Rb7 49. Kxe4 Kg7 50. Re5 h6 51. gxh6+ Kxh6 52. Re6 Kh5 53.
Rb6 Rxb6 54. Bxb6 g5 55. fxg5 Kxg5 56. Bc5 Bg7 57. Be7+ Kg6 58. Kd5 Kf7 59. Bd6
Ke8 60. Be5 Bxe5 61. dxe5 Kd7 62. b4 Ke7 63. Kc6 1-0

[Event "26. Schweinfurt Open"]
[Site "Schweinfurt"]
[Date "2016.05.26"]
[Round "2.21"]
[White "Klonov, Jakov"]
[Black "Völker, Joachim"]
[Result "0-1"]
[WhiteElo "1333"]
[BlackElo "1777"]
[PlyCount "124"]
[EventDate "2016.??.??"]
[WhiteTeam "SK München Südost"]
[BlackTeam "SK Schweinfurt"]

1. e4 e6 2. d4 d5 3. Nd2 Nf6 4. Bd3 c5 5. c3 Nc6 6. Ngf3 Qb6 7. O-O cxd4 8.
cxd4 Nxd4 9. Nxd4 Qxd4 10. Nf3 Qb6 11. exd5 Nxd5 12. Re1 Bd7 13. Bxh7 Rxh7 14.
Qxd5 Bc5 15. Qd2 Rh8 16. Ne5 Rd8 17. Qf4 Rf8 18. Rd1 Bb5 19. Rxd8+ Qxd8 20. Be3
Bxe3 21. Qxe3 a6 22. Qf3 Qc7 23. Qe4 Rh8 24. h3 Rh5 25. Nf3 Bc6 26. Qe3 Rd5 27.
Rc1 Qd6 28. Re1 Rd3 29. Qe2 Bxf3 30. gxf3 Qd5 31. Qe4 Qxe4 32. fxe4 Rxh3 33.
Kg2 Rh5 34. Rc1 Kd7 35. Kf3 Rb5 36. b3 Ra5 37. a4 b5 38. Rd1+ Ke7 39. Rd4 bxa4
40. Rxa4 Rxa4 41. bxa4 Kd6 42. Ke3 Kc5 43. Kf4 Kb4 44. Ke5 Kxa4 45. Kd4 Kb3 46.
Kd3 a5 47. Kd2 Kb2 48. Kd3 a4 49. Kc4 a3 50. Kb4 a2 51. Kc4 a1=Q 52. Kd4 Kb3+
53. Kc5 Qd1 54. Kc6 Kc4 55. e5 Qd5+ 56. Kb6 Kb4 57. f4 Qc5+ 58. Kb7 Ka5 59. f5
Kb5 60. fxe6 Qe7+ 61. Kc8 Kc6 62. Kb8 Qb7# 0-1

[Event "26. Schweinfurt Open"]
[Site "Schweinfurt"]
[Date "2016.05.26"]
[Round "2.22"]
[White "Millgramm, Stephan"]
[Black "Maar, Felicitas"]
[Result "1-0"]
[WhiteElo "1774"]
[BlackElo "1497"]
[PlyCount "101"]
[EventDate "2016.??.??"]
[WhiteTeam "Flensburger SK"]
[BlackTeam "SC Fuldatal"]

1. e4 e5 2. Nf3 Nc6 3. Bb5 d6 4. O-O Be7 5. Nc3 Nf6 6. Bxc6+ bxc6 7. d4 Bg4 8.
dxe5 Bxf3 9. Qxf3 dxe5 10. Qg3 O-O 11. Qxe5 Bd6 12. Qf5 Re8 13. Bg5 Re5 14.
Bxf6 gxf6 15. Qf3 Qe7 16. a3 Rb8 17. Rab1 Re8 18. g3 Rg5 19. Qd3 Be5 20. f4 Rd8
21. Qf3 Bd4+ 22. Kh1 Rg7 23. Rbd1 Bxc3 24. Rxd8+ Qxd8 25. Qxc3 Qe8 26. Qd3 Kh8
27. Rd1 Rg8 28. Kg2 Qe6 29. f5 Qe5 30. Qd4 Qe7 31. Kf3 Re8 32. b4 a5 33. c3
axb4 34. axb4 h5 35. Kf4 Kg7 36. h3 Kh6 37. Re1 Rd8 38. Qc5 Qd7 39. Qe3 Qd6+
40. Kf3+ Kh7 41. e5 Qd5+ 42. Qe4 Qd3+ 43. Qxd3 Rxd3+ 44. Ke4 Rxc3 45. e6 fxe6
46. fxe6 Kg7 47. Kd4 Rb3 48. e7 Rxb4+ 49. Kc5 Rb5+ 50. Kxc6 Re5 51. Rxe5 1-0

[Event "26. Schweinfurt Open"]
[Site "Schweinfurt"]
[Date "2016.05.26"]
[Round "2.23"]
[White "Wiemann, Vanessa"]
[Black "Ley, Reinhard"]
[Result "0-1"]
[WhiteElo "1297"]
[BlackElo "1759"]
[PlyCount "96"]
[EventDate "2016.??.??"]
[WhiteTeam "SV Seubelsdorf"]
[BlackTeam "SV Siershahn"]

1. e4 Nf6 2. e5 Nd5 3. Nc3 Nxc3 4. dxc3 e6 5. Nf3 Be7 6. Bd3 d6 7. Bf4 Nd7 8.
O-O dxe5 9. Bxe5 Nxe5 10. Nxe5 Bd6 11. Nf3 Bd7 12. Qe2 Qf6 13. Rab1 Qh6 14. h3
a6 15. a3 O-O 16. Rbd1 f5 17. Rfe1 Rf6 18. Qf1 Re8 19. Kh1 Bc6 20. Be2 g5 21.
Kg1 g4 22. Nd4 gxh3 23. Nxc6 hxg2 24. Qxg2+ Rg6 25. Qxg6+ Qxg6+ 26. Kf1 bxc6
27. Bxa6 Qh5 28. Bd3 f4 29. Be4 f3 30. Bxf3 Qxf3 31. Rd3 Qh5 32. f3 Qh2 33. Re2
Qh1+ 34. Kf2 Bc5+ 35. Kg3 Kf7 36. Rh2 Bd6+ 37. Rxd6 Qxh2+ 38. Kxh2 cxd6 39. Kg3
Kf6 40. Kf4 Rg8 41. b4 h5 42. a4 h4 43. b5 cxb5 44. axb5 h3 45. b6 h2 46. b7 d5
47. c4 h1=Q 48. b8=Q Qc1# 0-1